00605nam a22001457a 4500008004100000082001600041100003700057245016600094260005500260300000900315440001300324942001200337999001500349952009500364230621b xxu||||| |||| 00| 0 eng d a328.42bVAC cVacher's Parliamentary Companion aVacher's Parliamentary CompanionbA reference book for parliament Departments of State Senior Civil Servants and Public OfficescCorrected QuarterlyhNumber 1070 aLondonbVacher's Parliamentary Companioncmay 1993 a376p nNo. 1070 2ddccBK c2296d2296 00102ddc4070a002b002d2023-06-21l0o328.42 VACp10013567r2023-06-21w2023-06-21yBK